| 000 | 00665nam a2200241Ia 4500 | ||
|---|---|---|---|
| 003 | OSt | ||
| 005 | 20250721171900.0 | ||
| 008 | 210423s2010 xx 000 0 und d | ||
| 020 | _a9781412954594 | ||
| 040 | _cAL | ||
| 041 | _aEnglish | ||
| 082 |
_a070.449796 _bHUNE |
||
| 100 |
_aHeather L Hundley _987846 |
||
| 245 | _aExamining identity in sports media | ||
| 260 |
_aLos Angeles _bSage Publications _c2010 |
||
| 300 |
_aviii,279p. _bHB _c23.5x15.5cm. |
||
| 365 |
_b3450 _cINR |
||
| 650 |
_aFeatures _987847 |
||
| 650 |
_aJournalism _987848 |
||
| 700 |
_aBillngs, Andrew C _9219595 |
||
| 906 | _aExamining ; identity ; media. ; sports | ||
| 942 |
_2ddc _cBK |
||
| 999 |
_c159697 _d159697 |
||